000 00514nmm a2200193Ia 4500
008 251105s9999||||xx |||||||||||||||||und||
020 _a9788416867721
041 _aspa
100 _aSimmons, Dan
245 0 _aEl Terror
264 _a[Madrid, España] :
_bRoca Editorial,
_c2009
300 _a768 páginas
490 _aThriller y suspense
650 _aHistorical fiction
700 _aSimmons, Dan
700 1 _a Herrera, Ana
856 _uhttps://public.digitaliapublishing.com/a/32004
942 _cCF
999 _c71462
_d71462